Anatomy trains : (Record no. 121829)

MARC details
000 -LEADER
fixed length control field 01078nam a2200289 a 4500
003 - CONTROL NUMBER IDENTIFIER
control field OSt
005 - DATE AND TIME OF LATEST TRANSACTION
control field 20250304164558.0
008 - FIXED-LENGTH DATA ELEMENTS--GENERAL INFORMATION
fixed length control field
020 ## - INTERNATIONAL STANDARD BOOK NUMBER
International Standard Book Number 9780702078132 (paperback)
040 ## - CATALOGING SOURCE
Original cataloging agency NUST
Transcribing agency NUST
Language of cataloging eng
Modifying agency NUST
Description conventions NUST
050 ## - LIBRARY OF CONGRESS CALL NUMBER
Classification number QM563 MYE
100 1# - MAIN ENTRY--PERSONAL NAME
Personal name Myers, Thomas W.,
-- author.
245 10 - TITLE STATEMENT
Title Anatomy trains :
Remainder of title myofasccial meridians for manual therapists and movement professionals/
Statement of responsibility, etc. Thomas W Myers colour illustrations by Graeme Chambers ; Debbie Maizels & Philip Wilson.
250 ## - EDITION STATEMENT
Edition statement Fourth edition.
260 ## - PUBLICATION, DISTRIBUTION, ETC.
Place of publication, distribution, etc. China :
Name of publisher, distributor, etc. Elsevier,
Date of publication, distribution, etc. 2021.
300 ## - PHYSICAL DESCRIPTION
Extent xiv, 364 pages :
Other physical details illustrations (chiefly colour) ;
Dimensions 28 cm.
336 ## - CONTENT TYPE
Content type term text
Content type code txt
Source rdacontent
337 ## - MEDIA TYPE
Media type term unmediated
Media type code n
Source rdamedia
338 ## - CARRIER TYPE
Carrier type term volume
Carrier type code nc
Source rdacarrier
504 ## - BIBLIOGRAPHY, ETC. NOTE
Bibliography, etc. note Includes bibliographical references.
650 #1 - SUBJECT ADDED ENTRY--TOPICAL TERM
Topical term or geographic name entry element Anatomy, Surgical and topographical.
650 ## - SUBJECT ADDED ENTRY--TOPICAL TERM
Topical term or geographic name entry element Kinesiology.
650 ## - SUBJECT ADDED ENTRY--TOPICAL TERM
Topical term or geographic name entry element Fasciae (Anatomy).
650 ## - SUBJECT ADDED ENTRY--TOPICAL TERM
Topical term or geographic name entry element Manipulation (Therapeutics).
907 ## - LOCAL DATA ELEMENT G, LDG (RLIN)
a .b10415531
b 07-03-22
c 07-03-22
942 ## - ADDED ENTRY ELEMENTS (KOHA)
Koha item type Ordinary Loan Books
Call number prefix QM563
Call number suffix MYE
Source of classification or shelving scheme
Holdings
Withdrawn status Lost status Source of classification or shelving scheme Damaged status Not for loan Collection Home library Current library Shelving location Date acquired Source of acquisition Cost, normal purchase price Total Checkouts Full call number Barcode Date last seen Cost, replacement price Price effective from Koha item type Public note Accession number
    LCC     NFIC MAIN MAIN GEN 01/20/2023 Book Aid International 61.80   QM563 MYE 92004051504 01/20/2023 61.80 01/20/2023 BOOKS Donation  
    LCC     NFIC MAIN MAIN GEN 03/04/2025 Book Aid International 61.80   QM563 92004056759 03/04/2025 61.80 03/04/2025 BOOKS Donation 62551